000 00799nam a22002537a 4500
999 _c158950
_d158950
003 dpl
005 20181122165135.0
008 181122b ||||| |||| 00| 0 eng d
010 _aB-127469
020 _c200.00
035 _aB-127469
037 _aDBAD Book
_bAmrit Prakashan
_c200.00
040 _cDPL
082 _22004
_aN
_b1
100 _aCharls Dickens
245 _aDavid Copperfield
_cCharls Dickens
_hEnglish
246 _aडेविड कॉपर फील्ड
_hअंग्रेजी
250 _a2004
260 _aDelhi
_bAmrit Prakashan
_c2004
270 _a485-A/3, IInd Floor Bhola Nath Nagar,Shahdara-110032
_b Delhi
300 _a184 Pase
_bWith Images
_c22 Cm HB
700 _aCharls Dickens
942 _2ddc
_cEN
_hN
_i1
_kCHA
_mCharls Dickens